000 00702nam a2200229 a 4500
001 50755
003 BD-RjUL
005 20211209075547.0
008 160828r19621944enka b 000 0 eng
035 _a(BD-RjUL)50875
040 _aBD-RjUL
_cICU
_dDLC
_beng
041 _aeng
082 _223
_a515.9
_bGRT 1948
100 1 _aGreen, S. L.
_q(Stanley Lawson)
_9151951
245 1 4 _aThe theory and use of the complex variable :
_ban introduction /
_c S. L. Green
250 _a2d ed.
260 _aLondon :
_bI. Pitman,
_c1948 [ Reprinted 1953, 1962 ]
300 _aviii, 136 p. :
_bdiagrs. ;
_c22 cm.
504 _aIncludes Index
650 0 _aFunctions of complex variables.
_9118123
942 _2ddc
_cBK
999 _c50755
_d50755